000 01236nam0a2200361 4500
001 RU\NLR\BIBL_A\012397324
005 20201118132108.0
010 _a978-5-227-09038-6
_98000
021 _aRU
_bКН-П-20-042378
_9КН-П-20-3224
035 _a(NLR Aleph) 012397324
035 _a(RuMoRGB)010387013
090 _a11705987
_c11705987
100 _a20201105d2020 u y0rusy50 ca
101 1 _arus
_ceng
102 _aRU
105 _ay|||z|||000ay
181 0 _ai
_baxxe
182 0 _an
200 1 _aСоблазнительная месть
_eроман
_fКэт Шилд
_g[пер. с англ. Ю.Г. Нероновой]
_gАрлекин
203 _aТекст
_bвизуальный
_cнепосредственный
210 _aМосква
_cЦентрполиграф
_d2020
215 _a158, [1] с.
_d17
225 1 _aЛюбовный роман
225 1 _aСоблазн
_v353
333 _a16+
686 1 _aШ6(7США)67-440.4{Лх1979-50}
700 1 _7ca
_8rus
_aШилд
_bК.
_gКэт
_9176811
_3RU\NLR\AUTH\770176862
942 _cBOOK
980 _aNBR
980 _aNB